000 00317nam a22001457a 4500
008 210303b ||||| |||| 00| 0 eng d
020 _a9780130899415
041 _aeng
080 _26th
_a573
082 _a573
100 _a11
101 _aBIO
245 _aBiology life on Earth
_cAudesirk, T
942 _2udc
_cBK
999 _c55698
_d55698